Elementary linear algebra /

This book is about: Systems of linear equations and matrices; Determinants; Vectors in 2-space and 3-space; Euclidean vector spaces; ...

Salvato in:
Dettagli Bibliografici
Autore principale: Anton, Howard
Natura: Libro
Lingua:English
Pubblicazione: New York : John Wiley & Sons, 2000
Edizione:8th ed.
Soggetti:
Tags: Aggiungi Tag
Nessun Tag, puoi essere il primo ad aggiungerne! !
Thư viện lưu trữ: Mạng thư viện Đại học Đà Nẵng
LEADER 01250cam a2200385 i 4500
001 000048645
003 8367
005 20021115271310.0
008 010324|2000 vm 000 eng
020 |a 0471170550 
040 |a IRC  |c IRC  |d IRC 
041 0 |a eng 
082 1 4 |a 512.5  |b AN-H 
100 1 |a Anton, Howard 
245 0 0 |a Elementary linear algebra /  |c Howard Anton 
250 |a 8th ed. 
260 |a New York :  |b John Wiley & Sons,  |c 2000 
300 |a xv, 588 p. :  |b ill.;  |c 25.5cm 
520 3 |a This book is about: Systems of linear equations and matrices; Determinants; Vectors in 2-space and 3-space; Euclidean vector spaces; ... 
630 0 4 |a Algebras 
630 0 4 |a Linear of Algebras 
650 0 4 |a Algebra, Linear 
OWN |a DUT 
049 0 0 |a mt 
AVA |a UDN50  |b DUT  |c Book  |d 512.5 AN-H  |e available  |t Error 5001 Not defined in file expand_doc_bib_avail.  |f 1  |g 0  |h N  |i 0  |j SH  |k 1 
999 |a From the UDN01 
AVA |a UDN50  |b DUT  |c Book  |d 512.5 AN-H  |e available  |t Error 5001 Not defined in file expand_doc_bib_avail.  |f 1  |g 0  |h N  |i 0  |j SH  |k 1 
TYP |a Monograph 
TYP |a Printed language 
980 |a Mạng thư viện Đại học Đà Nẵng